Citations présidentielles - Clic Quiz - Statistiques

Statistiques générales
  • Ce quiz a été pris 540 fois
  • Le résultat moyen est 6 sur 25
Statistiques - réponses
Hint Réponse % Correct
Ce que vous proposez, comme d'habitude, c'est de la poudre de perlimpinpin. Emmanuel Macron
88%
Travailler plus pour gagner plus, c'est mon programme. Nicolas Sarkozy
71%
Vous n'avez pas le monopole du cœur. Valéry Giscard d'Estaing
66%
Mon véritable adversaire, c'est le monde de la finance ! François Hollande
58%
Aujourd'hui, on rapporte une histoire abracadabrantesque. Jacques Chirac
49%
Toute ma vie, je me suis fait une certaine idée de la France Charles de Gaulle
43%
J'y suis, j'y reste. Patrice de Mac Mahon
25%
Rien ne brisera devant l'ennemi l'Union sacrée. Raymond Poincaré
23%
Dans le péril de la Patrie et de la République, je me suis tourné vers le plus illustre des français. René Coty
23%
Mais arrêtez donc d'emmerder les Français ! Georges Pompidou
19%
Le roi n’administre pas, ne gouverne pas, il règne. Adolphe Thiers
16%
Il y a toujours un avenir pour ceux qui pensent à l'avenir. François Mitterrand
16%
Surtout n'ayez pas peur du peuple, il est plus conservateur que vous. Louis-Napoléon Bonaparte
11%
Partout j'ai senti vibrer, unanime et enthousiaste, le grand amour de la Patrie. Albert Lebrun
8%
Je dépose sur le bureau du Sénat et de la Chambre des députés ma démission des fonctions de président de la République française. Jean Casimir-Perier
7%
À mon âge, ce serait une belle fin de mourir assassiné. Paul Doumer
7%
Je n’entrerai jamais en lutte contre la volonté nationale. Jules Grévy
6%
Président de la République: la place est bonne, malheureusement il n’y a pas d’avancement. Armand Fallières
5%
Je souhaite incarner un pouvoir exécutif libre. Alexandre Millerand
4%
La Constitution qui arbitre le pays depuis vingt six ans ne peut être bouleversée à la légère. Emile Loubet
4%
Les ministres peuvent disparaître, le président reste. Félix Faure
4%
Je suis un républicain de gauche. Gaston Doumergue
4%
L'esprit français, c'est la raison en étincelles. Paul Deschanel
4%
Je souffre. Il vaut mieux me laisser. Sadi Carnot
4%
On ne peut pas fonder la prospérité des uns sur la misère des autres. Vincent Auriol
4%
Aucun quiz correspondant
Distribution des résultats
% des personnes avec chaque résultat
Percentile par nombre de réponses
Votre historique - résultats
Vous n’avez pas pris ce quiz